000 00950nam0a22003011 4500
001 v19\rc\1406366
005 20250618102603.0
035 _a(NLR Aleph) 004535810
090 _a1935109
_c1935108
100 _a20060512d1875 |||y0rusy50 ca
101 0 _arus
102 _aRU
105 _ay z |||c|
200 1 _aКраткий очерк Аму-Дарьинской области
_fСост. перс. принцем Риза-Кули-Мирза... Гвардии полк.
210 _aСанкт-Петербург
_cтип. Тренке и Фюсно
_d1875
215 _a43 с.
_d25
700 0 _aРиза-Кули-Мирза
_4220
801 0 _aRU
_bNLR
_gpsbo
801 0 _aRU
_bRuMoRGB
_2psbo
801 1 _aRU
_bProSoft-M
_2rusmarc
852 _aNLR
_j18.114.8.292
899 _aRuMoRGB
_jC 14/255
899 _aRuMoRGB
_jU 134/456
899 _aRuMoRGB
_jU 307/259
899 _aБАН
899 _aГПИБ
942 _cBOOK
980 _aNB